000 01752nam a2200193 4500
005 20260429125857.0
008 260429b |||||||| |||| 00| 0 eng d
020 _a0521370914
040 _cRTL
_dRTL
084 _aXB M9/TD
_qRTL
100 _aDomar, D.Evsey
_91235991
245 _aCapitalism, Socialism and Serfdom
260 _aNewyork
_bCambridge University Press
_c1989
300 _bIncludes bibliographical references and index
_axix, 294 p. :ill
520 _aThe collection consists of four parts: Part I presents three non-technical essays on economic development and economic systems. Four out of five essays in Part II deal with the theory and measurement of the so-called Index of Total Factor Productivity for several countries. The fifth essay is on the theory of index numbers. The first essay of Part III compares the American and Soviet patterns of economic development and finds that the path followed by each country might have been optimal for it at the time. The second essay develops a general theory of a producer cooperative. The third essay discusses a method for avoiding monopolistic exploitation, under either system, without price control. Part IV presents three applications of economic theory to historical problems - in particular, to serfdom and slavery. The first, on 'The Causes of Slavery or Serfdom', has become a classic. The second challenges the widely accepted view that Russian serfdom had become unprofitable for the serf-owners before the Emancipation of 1861. The last shows that the oft-repeated estimate of the overcharge for land allotted to the former serfs by the Emancipation has little basis in fact.
650 _2Capitalism
650 _2Socialism
942 _2CC
_n0
_cTB
_hXB M9/TD
999 _c1848643
_d1848643